[Event "Championnat de France - Accession"]
[Site "Nimes"]
[Date "2009.08.16"]
[Round "6.4"]
[White "Bailet, Pierre"]
[Black "Le Goff, Damien"]
[Result "1/2-1/2"]
[WhiteElo "2352"]
[BlackElo "2270"]
[PlyCount "64"]

1. e4 e6 2. d4 d5 3. Nd2 Nc6 4. Ngf3 Nf6 5. e5 Nd7 6. Bd3 f6 7. c4 fxe5 8. cxd5
exd5 9. Nxe5 Ndxe5 10. dxe5 Nxe5 11. Qh5+ Nf7 12. O-O g6 13. Re1+ Be7 14. Qe2
Kf8 15. Nb3 Bf6 16. Bf4 Kg7 17. Rac1 c6 18. Nc5 Qb6 19. b3 Qb4 20. Bd2 Qh4 21.
g3 Qh3 22. Qe3 b6 23. Bf1 Qg4 24. h3 Qd4 25. Ne6+ Bxe6 26. Qxd4 Bxd4 27. Rxe6
c5 28. Bg2 Rae8 29. Bxd5 Rxe6 30. Bxe6 Ne5 31. Rd1 Kf6 32. Bd5 Re8 1/2-1/2

[Event "Championnat de France - Accession"]
[Site "Nimes"]
[Date "2009.08.16"]
[Round "6.5"]
[White "Lagarde, Maxime"]
[Black "Weill, Roland"]
[Result "1-0"]
[WhiteElo "2352"]
[BlackElo "2227"]
[PlyCount "79"]

1. e4 e5 2. Nf3 Nc6 3. Bb5 a6 4. Ba4 Nf6 5. O-O Be7 6. Re1 b5 7. Bb3 O-O 8. h3
d6 9. c3 Na5 10. Bc2 c5 11. d4 Qc7 12. Nbd2 Bd7 13. Nf1 cxd4 14. cxd4 Rac8 15.
Bb1 Rfe8 16. g4 h6 17. d5 Nh7 18. Ng3 Ng5 19. Kg2 Nxf3 20. Qxf3 Qd8 21. b3 Bg5
22. Bb2 b4 23. Bd3 Qb6 24. Rad1 Nb7 25. Rh1 Nc5 26. h4 Nxd3 27. Rxd3 Bf4 28.
Nh5 Rc2 29. Bd4 exd4 30. Qxf4 Bb5 31. Rf3 Qc7 32. g5 Be2 33. gxh6 Bxf3+ 34.
Qxf3 Re5 35. Nxg7 Qc3 36. Qg4 Rxf2+ 37. Kxf2 Qc2+ 38. Qe2 Qc3 39. Nf5 d3 40.
Qg4+ 1-0

[Event "Championnat de France - Accession"]
[Site "Nimes"]
[Date "2009.08.16"]
[Round "6.6"]
[White "Platel, Alexandre"]
[Black "Moussard, Jules"]
[Result "1/2-1/2"]
[WhiteElo "2206"]
[BlackElo "2292"]
[PlyCount "39"]

1. e4 c5 2. Nf3 d6 3. Bb5+ Nc6 4. O-O Bd7 5. Re1 Nf6 6. h3 a6 7. Bf1 e6 8. c3
Be7 9. d4 cxd4 10. cxd4 d5 11. e5 Ne4 12. Bd3 Ng5 13. Nbd2 Qb6 14. Nb3 Nxf3+
15. Qxf3 Nb4 16. a4 Rc8 17. a5 Qc7 18. Bd2 Nxd3 19. Qxd3 O-O 20. Rac1 1/2-1/2

[Event "Championnat de France - Accession"]
[Site "Nimes"]
[Date "2009.08.16"]
[Round "6.7"]
[White "Valles, Manuel"]
[Black "Saada, Julien"]
[Result "1/2-1/2"]
[WhiteElo "2142"]
[BlackElo "2289"]
[PlyCount "35"]

1. d4 d5 2. c4 e6 3. Nc3 Nf6 4. cxd5 exd5 5. Bg5 c6 6. e3 Be7 7. Qc2 O-O 8. Bd3
Nbd7 9. Nge2 Re8 10. O-O Nf8 11. a3 Be6 12. b4 b5 13. Na2 Rc8 14. Ng3 N6d7 15.
Bxe7 Qxe7 16. Nc1 Nb6 17. Nb3 g6 18. Ne2 1/2-1/2

[Event "Championnat de France - Accession"]
[Site "Nimes"]
[Date "2009.08.16"]
[Round "6.8"]
[White "Migot, Tangi"]
[Black "Ravot, Sylvain"]
[Result "1/2-1/2"]
[WhiteElo "2114"]
[BlackElo "2276"]
[PlyCount "78"]

1. d4 d5 2. Nf3 c6 3. c4 e6 4. e3 Nf6 5. Nc3 Nbd7 6. Qc2 a6 7. c5 e5 8. Be2 Be7
9. O-O Qc7 10. Na4 Rb8 11. b4 O-O 12. dxe5 Nxe5 13. Nxe5 Qxe5 14. Bb2 Qf5 15.
Bd3 Qh5 16. h3 Nd7 17. e4 dxe4 18. Bxe4 Nf6 19. Rfe1 Nxe4 20. Qxe4 Be6 21. Nb6
Rbd8 22. a3 Rd2 23. Bc3 Rdd8 24. Re2 Qg6 25. Kf1 Rd3 26. Qxg6 hxg6 27. Re3 Rxe3
28. fxe3 Rd8 29. Ke2 Bf6 30. Bxf6 gxf6 31. Rd1 Rxd1 32. Kxd1 f5 33. Ke2 Kg7 34.
Na4 Kf6 35. Nc3 Ke5 36. g3 Bc4+ 37. Kf2 Bb5 38. h4 Bc4 39. Kf3 Bb3 1/2-1/2

[Event "Championnat de France - Accession"]
[Site "Nimes"]
[Date "2009.08.16"]
[Round "6.9"]
[White "Frederic, Clement"]
[Black "Jolly, Jean-Francois"]
[Result "0-1"]
[WhiteElo "2235"]
[BlackElo "2366"]
[PlyCount "124"]

1. e4 e5 2. Nf3 Nc6 3. Nc3 Nf6 4. d4 exd4 5. Nxd4 Bb4 6. Nxc6 bxc6 7. Bd3 d5 8.
exd5 cxd5 9. O-O O-O 10. Bg5 Be6 11. Qf3 Rb8 12. Ne2 h6 13. Bxf6 Qxf6 14. Qxf6
gxf6 15. b3 c5 16. Nf4 Bd2 17. Nxe6 fxe6 18. c4 Bc3 19. Rac1 d4 20. Rfd1 Rb6
21. g4 Kf7 22. Kg2 Ra6 23. a4 Rb6 24. Bc2 Rg8 25. Kf3 h5 26. h3 Rbb8 27. Rb1
Ba5 28. Rg1 Rh8 29. Rh1 Rbg8 30. Rbg1 Rg5 31. Ke2 Bc7 32. Kd2 Rhg8 33. Rg2 Bd6
34. Bd3 Ke7 35. Rhg1 h4 36. Re1 Kd7 37. Ke2 f5 38. f3 Bf4 39. Kd1 Be3 40. Rge2
Rb8 41. Kc2 Rf8 42. Rf1 Rg7 43. Rg2 Kd6 44. Kd1 Ke5 45. Ke2 Kf4 46. Bc2 Rff7
47. Bd3 Ke5 48. Bc2 Kd6 49. Bd3 Bf4 50. Rgg1 Bh2 51. Rh1 Bg3 52. Rhg1 Rf8 53.
Rh1 Rgf7 54. Rhg1 Kc7 55. Kd2 Kb6 56. Kc2 Ka5 57. Kb2 Kb4 58. Kc2 fxg4 59. fxg4
Rf2+ 60. Kd1 Kc3 61. Be2 d3 62. Rxf2 Rxf2 0-1

[Event "Championnat de France - Accession"]
[Site "Nimes"]
[Date "2009.08.16"]
[Round "6.10"]
[White "Manoeuvre, Antoine"]
[Black "Crut, Aurelien"]
[Result "0-1"]
[WhiteElo "2232"]
[BlackElo "2335"]
[PlyCount "56"]

1. d4 d5 2. c4 e6 3. Nc3 c6 4. Nf3 dxc4 5. a4 Bb4 6. e3 b5 7. Bd2 a5 8. axb5
Bxc3 9. Bxc3 cxb5 10. b3 Bb7 11. bxc4 b4 12. Bb2 Nf6 13. Bd3 O-O 14. O-O Nbd7
15. Re1 Ne4 16. Qc2 f5 17. c5 Bd5 18. Rec1 Qc7 19. Bb5 Rfd8 20. Qa4 Ndf6 21.
Ne5 Nd2 22. Nc4 Ng4 23. g3 Nf3+ 24. Kf1 Nfxh2+ 25. Ke1 Nxf2 26. Kxf2 Ng4+ 27.
Ke2 Qxg3 28. Rf1 Qg2+ 0-1

[Event "Championnat de France - Accession"]
[Site "Nimes"]
[Date "2009.08.16"]
[Round "6.11"]
[White "Rouler, Charly"]
[Black "Dubreuil, Julien"]
[Result "0-1"]
[WhiteElo "2335"]
[BlackElo "2250"]
[PlyCount "96"]

1. d4 d5 2. c4 dxc4 3. Nf3 Nf6 4. e3 e6 5. Bxc4 a6 6. a4 c5 7. O-O Nc6 8. Nc3
Be7 9. Qe2 cxd4 10. Rd1 O-O 11. exd4 Nd5 12. Ne4 Na5 13. Ba2 Nb4 14. Bf4 Nxa2
15. Rxa2 Nc6 16. Raa1 Nb4 17. Ne5 Nd5 18. Be3 f6 19. Nf3 b6 20. Nc3 Bb7 21. Bd2
Qd7 22. Re1 Nc7 23. a5 h5 24. Ne4 Rfd8 25. Rac1 Rac8 26. Red1 Nd5 27. Nc5 Bxc5
28. dxc5 e5 29. b4 Bc6 30. Ne1 Qf7 31. Nc2 Qg6 32. f3 Re8 33. Re1 f5 34. Be3
Rcd8 35. Qf1 h4 36. Red1 f4 37. Bd2 Qf6 38. Re1 g5 39. Rcd1 g4 40. Bc1 Qg6 41.
Qd3 Qg5 42. Qe4 gxf3 43. Qxf3 Nxb4 44. Qb3+ Kf8 45. g3 Nd5 46. Nb4 Nxb4 47.
Rxd8 Qxd8 48. Qxb4 Qd5 0-1

[Event "Championnat de France - Accession"]
[Site "Nimes"]
[Date "2009.08.16"]
[Round "6.12"]
[White "Song, Julien"]
[Black "Lutz, Eric"]
[Result "1/2-1/2"]
[WhiteElo "2319"]
[BlackElo "2245"]
[PlyCount "53"]

1. d4 f5 2. g3 Nf6 3. Bg2 e6 4. Nh3 c5 5. d5 exd5 6. Bxd5 Nxd5 7. Qxd5 d6 8.
Nc3 Nc6 9. Bg5 Qb6 10. O-O-O Nd4 11. Nf4 h6 12. e3 hxg5 13. exd4 gxf4 14. Rhe1+
Kd8 15. dxc5 Qc6 16. Qf7 Bd7 17. cxd6 b5 18. Nd5 fxg3 19. hxg3 Bxd6 20. Qxg7
Re8 21. Rxe8+ Bxe8 22. Qf6+ Kc8 23. Qxf5+ Kb7 24. Rh1 Rd8 25. Rh7+ Rd7 26. Rh8
Rf7 27. Rh7 1/2-1/2

[Event "Championnat de France - Accession"]
[Site "Nimes"]
[Date "2009.08.16"]
[Round "6.14"]
[White "Lefebvre, Herve"]
[Black "Ider, Borya"]
[Result "0-1"]
[WhiteElo "2279"]
[BlackElo "2234"]
[PlyCount "60"]

1. e4 e6 2. d4 d5 3. Nd2 c5 4. Ngf3 cxd4 5. Nxd4 Nf6 6. exd5 Qxd5 7. N2f3 Bc5
8. Be2 O-O 9. O-O Rd8 10. c4 Qd6 11. Nb3 Qc7 12. Bf4 Bd6 13. Bxd6 Rxd6 14. Qc2
Nc6 15. Rad1 Rxd1 16. Rxd1 e5 17. h3 g6 18. Qd2 Bf5 19. Qe3 Bc2 20. Rd2 Bxb3
21. Qxb3 Re8 22. Qe3 Nh5 23. Ng5 Nf4 24. Ne4 Kg7 25. Nd6 Re6 26. c5 Nxe2+ 27.
Qxe2 Nd4 28. Rxd4 Qxc5 29. Rd1 Rxd6 30. Rxd6 Qxd6 0-1

[Event "Championnat de France - Accession"]
[Site "Nimes"]
[Date "2009.08.16"]
[Round "6.15"]
[White "Sochacki, Christophe"]
[Black "Bonn, Thomas"]
[Result "1-0"]
[WhiteElo "2274"]
[BlackElo "2225"]
[Annotator "Rivier,Sylvain"]
[PlyCount "79"]

1. d4 Nf6 2. c4 e6 3. Nc3 Bb4 4. f3 O-O 5. e4 d6 6. a3 Bxc3+ 7. bxc3 Nbd7 8.
Bd3 e5 9. Ne2 Re8 10. O-O Nf8 11. Be3 Ng6 12. Qd2 Nh5 13. h4 Nf6 14. Ng3 Nf8
15. h5 h6 16. Kf2 N6h7 17. Rh1 Qf6 18. Rab1 b6 19. Nf5 Bxf5 20. exf5 Kh8 21.
Rh3 Ng5 22. Bxg5 hxg5 23. Be4 Rab8 24. h6 gxh6 25. Rbh1 Kg7 26. Qc1 exd4 27.
Rxh6 Qxh6 28. Rxh6 Kxh6 29. cxd4 f6 30. Bc6 Re7 31. Qh1+ Kg7 32. Qh5 Kg8 33.
Qh6 Nd7 34. a4 a5 35. Kg3 Rg7 36. Kg4 Rf8 37. g3 Re7 38. Kh5 Rg7 39. Kg4 Re7
40. Kh3 {suite illisible} 1-0

[Event "Championnat de France - Accession"]
[Site "Nimes"]
[Date "2009.08.16"]
[Round "6.16"]
[White "Mancini, Mario"]
[Black "Villegas, Pierre"]
[Result "0-1"]
[WhiteElo "2269"]
[BlackElo "2202"]
[PlyCount "88"]

1. d4 Nf6 2. c4 g6 3. g3 c5 4. Nf3 Bg7 5. Bg2 Qa5+ 6. Nc3 Ne4 7. O-O Nxc3 8.
bxc3 O-O 9. Qb3 d6 10. Be3 Nc6 11. Rfd1 Rb8 12. Qb2 b5 13. cxb5 Rxb5 14. Qc1
cxd4 15. cxd4 Bd7 16. a4 Rbb8 17. Bh6 Nb4 18. Bxg7 Kxg7 19. e4 Rfc8 20. Qf4 h6
21. e5 Nd5 22. Qh4 Rb4 23. exd6 exd6 24. Nd2 g5 25. Qe4 Nc3 26. Qe7 Nxd1 27.
Qxd7 Rd8 28. Qe7 Nc3 29. Bc6 Rc8 30. Qxd6 Ne2+ 31. Kf1 Rxd4 32. Nb3 Nxg3+ 33.
Kg2 Rxd6 34. Nxa5 Ne2 35. Bb5 Nf4+ 36. Kf3 f5 37. Ra3 a6 38. Bc4 Rb6 39. Bf1
Rc1 40. Nc4 Rb4 41. Ne3 g4+ 42. Kg3 Nh5+ 43. Kg2 f4 44. Nxg4 f3+ 0-1

[Event "Championnat de France - Accession"]
[Site "Nimes"]
[Date "2009.08.16"]
[Round "6.17"]
[White "Schabanel, Stephane"]
[Black "Ber, Yves"]
[Result "1/2-1/2"]
[WhiteElo "2259"]
[BlackElo "2040"]
[PlyCount "52"]

1. d4 Nf6 2. c4 e6 3. Nc3 Bb4 4. e3 b6 5. Bd3 Bb7 6. Nf3 O-O 7. O-O d5 8. cxd5
exd5 9. a3 Bxc3 10. bxc3 Ba6 11. Bxa6 Nxa6 12. Qd3 Nb8 13. Nd2 Re8 14. f3 Nbd7
15. Bb2 Nf8 16. e4 Ng6 17. e5 Nh5 18. g3 Qg5 19. Kf2 f6 20. c4 fxe5 21. dxe5
Nxe5 22. Qxd5+ Kh8 23. Ne4 Qf5 24. Rad1 Qxf3+ 25. Kg1 Qe3+ 26. Kh1 c6 1/2-1/2

[Event "Championnat de France - Accession"]
[Site "Nimes"]
[Date "2009.08.16"]
[Round "6.18"]
[White "Di Nicolantonio, Lucas"]
[Black "Guilleux, Fabien"]
[Result "0-1"]
[WhiteElo "2100"]
[BlackElo "2381"]
[PlyCount "96"]

1. e4 c5 2. Nf3 d6 3. d4 cxd4 4. Nxd4 Nf6 5. Nc3 Nc6 6. Bc4 e6 7. Be3 a6 8. Bb3
Qc7 9. Qe2 b5 10. O-O-O Na5 11. Kb1 Bb7 12. f3 Rc8 13. g4 Nxb3 14. cxb3 b4 15.
Na4 Nxe4 16. Rc1 Nc5 17. Bf4 Qd8 18. Nf5 Nxa4 19. Rxc8 Bxc8 20. bxa4 g6 21.
Nxd6+ Bxd6 22. Rd1 Bxf4 23. Rxd8+ Kxd8 24. Qc4 e5 25. Qxf7 Re8 26. Qxh7 Re6 27.
b3 Rd6 28. Qg8+ Kd7 29. Qf7+ Kd8 30. Qg8+ Kc7 31. Qc4+ Rc6 32. Qxb4 Bxh2 33.
Qa5+ Kb7 34. Qb4+ Ka7 35. Qe7+ Bb7 36. Kb2 Bf4 37. a5 Bd2 38. b4 Bc3+ 39. Kb3
Bd4 40. a3 Ka8 41. Qe8+ Rc8 42. Qxg6 Bd5+ 43. Ka4 Bc4 44. Qd6 Bb5+ 45. Kb3 Rc3+
46. Ka2 Rc2+ 47. Kb1 Bd3 48. Qd5+ Rc6+ 0-1

[Event "Championnat de France - Accession"]
[Site "Nimes"]
[Date "2009.08.16"]
[Round "6.19"]
[White "Grimberg, Gilbert"]
[Black "Nass, Emile"]
[Result "1/2-1/2"]
[WhiteElo "2336"]
[BlackElo "2186"]
[PlyCount "142"]

1. d4 d5 2. Nf3 c5 3. c4 cxd4 4. cxd5 Nf6 5. Qxd4 Qxd5 6. Nc3 Qxd4 7. Nxd4 a6
8. g3 e5 9. Nc2 Nc6 10. Bg5 Be7 11. Bg2 Bd7 12. Rd1 h6 13. Bxf6 Bxf6 14. Ne3
Be6 15. Ned5 Bxd5 16. Nxd5 Bd8 17. O-O O-O 18. Nc3 Ba5 19. Ne4 Rac8 20. e3 Rfd8
21. Nd6 Rc7 22. Nc4 Bb4 23. Bxc6 Rxd1 24. Rxd1 Rxc6 25. Nxe5 Rc2 26. Nd3 Be7
27. Rc1 Rd2 28. Rc3 Bf6 29. Rb3 a5 30. a4 Rd1+ 31. Kg2 Ra1 32. Rxb7 Rxa4 33.
Kf3 Ra2 34. h4 g6 35. Ke4 a4 36. h5 gxh5 37. Kf5 Bg7 38. Rb8+ Kh7 39. Ne5 Bxe5
40. Kxe5 Kg7 41. f4 a3 42. bxa3 Rxa3 43. Ke4 Ra1 44. Kf3 f5 45. Rb5 Kg6 46.
Rb6+ Kg7 47. Re6 Ra3 48. Kg2 Ra4 49. Kh3 Rb4 50. Kg2 Rb2+ 51. Kf3 Rb3 52. Rd6
Ra3 53. Ke2 Ra2+ 54. Rd2 Ra3 55. Rd3 Ra2+ 56. Kf3 Ra4 57. Rd4 Ra3 58. Rc4 Kg6
59. Rc6+ Kg7 60. Rd6 Rb3 61. Ra6 Rb2 62. Ra3 Rb4 63. Ke2 Rb2+ 64. Kd3 Rg2 65.
Kd4 Rxg3 66. Ke5 Kg6 67. Ra6+ Kg7 68. Kxf5 Rxe3 69. Ra7+ Kg8 70. Kg6 Re6+ 71.
Kxh5 Rb6 1/2-1/2

[Event "Championnat de France - Accession"]
[Site "Nimes"]
[Date "2009.08.16"]
[Round "6.20"]
[White "Daurelle, Herve"]
[Black "Velten, Paul"]
[Result "0-1"]
[WhiteElo "2292"]
[BlackElo "2153"]
[PlyCount "60"]

1. e4 e6 2. d4 d5 3. Nd2 Nf6 4. e5 Nfd7 5. c3 c5 6. Bd3 Nc6 7. Ne2 cxd4 8. cxd4
Nb4 9. Bb1 Nb6 10. a3 Nc6 11. O-O Bd7 12. f4 g6 13. Nf3 Rc8 14. g4 Bh6 15. Bd3
Ne7 16. b3 Na8 17. a4 Bf8 18. f5 exf5 19. Nf4 Nc7 20. Ba3 Ne6 21. Bxe7 Bxe7 22.
Nxd5 fxg4 23. Nxe7 Qxe7 24. Nd2 Nxd4 25. Ne4 O-O 26. Nf6+ Kg7 27. Qe1 Nf3+ 28.
Rxf3 gxf3 29. Qh4 Qxe5 30. Nxd7 Qxa1+ 0-1

[Event "Championnat de France - Accession"]
[Site "Nimes"]
[Date "2009.08.16"]
[Round "6.21"]
[White "Maatoug, Redwan"]
[Black "Meynard, Thibault"]
[Result "0-1"]
[WhiteElo "2245"]
[BlackElo "2288"]
[PlyCount "98"]

1. d4 d5 2. Nf3 Nf6 3. g3 c6 4. Bg2 e6 5. O-O Nbd7 6. c4 Be7 7. Nc3 dxc4 8. a4
a5 9. e4 O-O 10. Qe2 b6 11. Bf4 Ba6 12. Rfd1 Re8 13. h4 b5 14. axb5 cxb5 15. e5
Nh5 16. Bg5 b4 17. Bxe7 Rxe7 18. Ne4 c3 19. Qc2 cxb2 20. Qxb2 Nb6 21. Qd2 Rc7
22. Nc5 Nc4 23. Qc1 b3 24. Nxb3 Nxe5 25. Nc5 Nd3 26. Qe3 Nb4 27. Ne5 Nd5 28.
Qf3 Nhf6 29. Rxa5 Bb7 30. Rda1 Rxa5 31. Rxa5 Bc8 32. Ra8 Nb6 33. Ra1 h5 34. Qd1
Qd6 35. Bf3 g6 36. Qd3 Kg7 37. Rb1 Ra7 38. Kg2 Nfd5 39. Be4 Nb4 40. Qb5 N6d5
41. Qe8 Qf8 42. Qb5 Qd8 43. Qb8 Ra2 44. Bxg6 Nf4+ 45. gxf4 Qxh4 46. Ne4 Nd5 47.
Nd3 Qg4+ 48. Ng3 h4 49. Be4 hxg3 0-1

[Event "Championnat de France - Accession"]
[Site "Nimes"]
[Date "2009.08.16"]
[Round "6.22"]
[White "Carpentier, Pierre"]
[Black "Rabineau, Clement"]
[Result "0-1"]
[WhiteElo "2247"]
[BlackElo "2263"]
[PlyCount "80"]

1. e4 d5 2. e5 c5 3. Nf3 Nc6 4. Bb5 Bd7 5. O-O Nxe5 6. Nxe5 Bxb5 7. Re1 Nf6 8.
d4 e6 9. Nc3 Bc6 10. Bg5 Be7 11. Bxf6 gxf6 12. Nxf7 Kxf7 13. Qh5+ Kg7 14. Rxe6
Bd6 15. Rae1 Re8 16. Qg4+ Kh8 17. Rxe8+ Bxe8 18. Nxd5 Bxh2+ 19. Kxh2 Qxd5 20.
dxc5 Qxc5 21. Qe6 Qxf2 22. Re4 Bg6 23. Rc4 Qf5 24. Qxf5 Bxf5 25. Rc7 Be4 26. c3
Rd8 27. Kg3 Rg8+ 28. Kf4 Bxg2 29. Kf5 Rf8 30. Ke6 Bc6 31. Kf5 Kg8 32. b4 Rf7
33. Rc8+ Kg7 34. Kf4 Re7 35. Rd8 h5 36. Rd2 Kg6 37. Rd8 Re4+ 38. Kg3 Re3+ 39.
Kf2 Rxc3 40. Rd2 h4 0-1

[Event "Championnat de France - Accession"]
[Site "Nimes"]
[Date "2009.08.16"]
[Round "6.23"]
[White "Stephan, Victor"]
[Black "Camus, Berenger"]
[Result "1/2-1/2"]
[WhiteElo "2198"]
[BlackElo "2200"]
[PlyCount "138"]

1. d4 d5 2. c4 dxc4 3. Nf3 Nf6 4. e3 a6 5. Bxc4 b5 6. Bb3 e6 7. O-O Bb7 8. a4
b4 9. Nbd2 Be7 10. Qe2 O-O 11. Nc4 Nbd7 12. Na5 Be4 13. Nd2 c5 14. Nxe4 Qxa5
15. Nd2 cxd4 16. exd4 Qb6 17. d5 exd5 18. Qxe7 Rae8 19. a5 Qb8 20. Qxf8+ Kxf8
21. Nf3 Ne5 22. Nxe5 Qxe5 23. Be3 Qxb2 24. Bc5+ Kg8 25. Ba4 Rc8 26. Rab1 Qxb1
27. Rxb1 Rxc5 28. Kf1 Rxa5 29. Rxb4 g6 30. Bc2 Ra2 31. Bd3 a5 32. Rb8+ Kg7 33.
f3 a4 34. Ra8 a3 35. h3 Rd2 36. Rxa3 Nh5 37. Kg1 Nf4 38. Bf1 h5 39. g3 Ne6 40.
Ra7 g5 41. Rd7 Nd4 42. Bg2 h4 43. gxh4 gxh4 44. f4 Ne2+ 45. Kf2 Nxf4+ 46. Ke3
Rxg2 47. Kxf4 Rd2 48. Kg5 Rd3 49. Kxh4 Kf6 50. Ra7 Rf3 51. Kg4 Rf1 52. h4 Ke6
53. h5 d4 54. Ra3 f5+ 55. Kg5 Rg1+ 56. Kf4 Rg4+ 57. Kf3 Rh4 58. Ra6+ Ke5 59.
Ra5+ Kf6 60. Rd5 Ke6 61. Rd8 Ke5 62. Re8+ Kd5 63. Rh8 Ke5 64. Re8+ Kf6 65. Rd8
Kg5 66. Rd5 Rxh5 67. Rxd4 Rh3+ 68. Kg2 Ra3 69. Rb4 Rd3 1/2-1/2

[Event "Championnat de France - Accession"]
[Site "Nimes"]
[Date "2009.08.16"]
[Round "6.24"]
[White "Saucey, Michel"]
[Black "Lebreton, Flavien"]
[Result "1-0"]
[WhiteElo "2366"]
[BlackElo "2012"]
[PlyCount "79"]

1. d4 Nf6 2. c4 e6 3. g3 c5 4. d5 exd5 5. cxd5 b5 6. Bg2 d6 7. b4 Na6 8. Bd2
Be7 9. Nc3 O-O 10. Rb1 Rb8 11. e4 Ng4 12. Nge2 f5 13. O-O Qb6 14. h3 Ne5 15.
Nf4 Nc7 16. Qe2 a5 17. Be3 Nc4 18. bxc5 dxc5 19. Nxb5 Nxe3 20. Qxe3 Nxb5 21. a4
fxe4 22. Rxb5 Qc7 23. Rxb8 Qxb8 24. Qxe4 Bd6 25. Rb1 Qc7 26. Ne6 Bxe6 27. dxe6
Rb8 28. Rxb8+ Qxb8 29. e7 Kf7 30. Qxh7 Qb2 31. Qg6+ Kxe7 32. Bc6 Qc3 33. Qe8+
Kf6 34. Bd5 Bxg3 35. Qe6+ Kg5 36. Qg4+ Kf6 37. Qxg3 Qa1+ 38. Kg2 Qxa4 39. Qd6+
Kf5 40. Qxc5 1-0

[Event "Championnat de France - Accession"]
[Site "Nimes"]
[Date "2009.08.16"]
[Round "6.25"]
[White "Romieux, Sebastien"]
[Black "Kassis, Antoine"]
[Result "0-1"]
[WhiteElo "2284"]
[BlackElo "2183"]
[PlyCount "110"]

1. e4 e5 2. Nf3 Nc6 3. Bb5 a6 4. Ba4 Nf6 5. O-O b5 6. Bb3 Bc5 7. a4 Rb8 8. c3
d6 9. axb5 axb5 10. d4 Bb6 11. Na3 O-O 12. Nxb5 Bg4 13. h3 Bd7 14. Re1 Na5 15.
Ba4 Qe8 16. Qd3 Nc6 17. b3 d5 18. exd5 e4 19. Qf1 Nxd5 20. Ba3 exf3 21. Rxe8
Rfxe8 22. Qd3 fxg2 23. Qf3 Nde7 24. Kxg2 Ng6 25. Kg3 Nce7 26. Bxe7 Rxe7 27. Na7
c6 28. Nxc6 Bc7+ 29. Ne5 Rxe5 30. dxe5 Bxe5+ 31. Kg2 Nh4+ 32. Kh1 Nxf3 33. Bxd7
Bxc3 34. Ra4 h5 35. Kg2 Ne5 36. Bf5 g6 37. Bc2 Kg7 38. f4 Nd7 39. Rc4 Ba5 40.
f5 g5 41. Rc6 Rb6 42. Rc8 Rd6 43. Be4 Nf6 44. Bc2 Rd7 45. Bb1 Bb6 46. Rc2 Rd1
47. Ba2 Ba5 48. Kf3 Rd2 49. Bb1 Rd3+ 50. Kg2 Rxb3 51. Rc1 Rb2+ 52. Kg3 Bb6 53.
Rf1 Bc7+ 54. Kf3 Rb3+ 55. Ke2 Rxh3 0-1

[Event "Championnat de France - Accession"]
[Site "Nimes"]
[Date "2009.08.16"]
[Round "6.26"]
[White "Lewis, John"]
[Black "Strugnell, Carl"]
[Result "1/2-1/2"]
[WhiteElo "2147"]
[BlackElo "2280"]
[PlyCount "47"]

1. Nf3 Nf6 2. c4 b6 3. d4 Bb7 4. g3 e5 5. d5 Bb4+ 6. Bd2 Qe7 7. Qc2 c6 8. e4
Na6 9. Bg2 cxd5 10. exd5 e4 11. Nh4 Rc8 12. O-O Bxd5 13. Nf5 Rxc4 14. Qa4 Ba5
15. Qxc4 Bxc4 16. Nxe7 Kxe7 17. Rc1 Bd3 18. a3 Bxb1 19. Bxa5 Bd3 20. Bb4+ d6
21. f3 Nc5 22. Bxc5 bxc5 23. fxe4 Nxe4 24. b4 1/2-1/2

[Event "Championnat de France - Accession"]
[Site "Nimes"]
[Date "2009.08.16"]
[Round "6.27"]
[White "Maleki, Nicolas"]
[Black "Favarel, Antoine"]
[Result "1/2-1/2"]
[WhiteElo "2165"]
[BlackElo "2213"]
[PlyCount "119"]

1. d4 d5 2. c4 e6 3. Nc3 Nf6 4. Nf3 Nbd7 5. cxd5 exd5 6. Bf4 Be7 7. e3 c6 8. h3
Nf8 9. Bd3 Ng6 10. Bh2 O-O 11. Qc2 Re8 12. Ne5 Nd7 13. f4 Ngf8 14. O-O-O f6 15.
Nf3 Bb4 16. Qb3 a5 17. a3 Bxc3 18. Qxc3 Nb6 19. Rhe1 Be6 20. Kb1 Bf7 21. g4 Nc4
22. Bxc4 dxc4 23. e4 b5 24. f5 Qb6 25. Bd6 Qa6 26. Kc2 Nd7 27. e5 Bd5 28. exf6
Nxf6 29. Ne5 Ne4 30. Rxe4 Bxe4+ 31. Kc1 Qb7 32. Rf1 b4 33. Qxc4+ Bd5 34. Qd3
bxa3 35. Bxa3 c5 36. Bxc5 Rxe5 37. dxe5 Rc8 38. Qd4 Qb5 39. Qxd5+ Kh8 40. Qd1
Qxc5+ 41. Kb1 Qxe5 42. Re1 Qg3 43. Qe2 h6 44. Qe3 Qg2 45. Re2 Qc6 46. Qe6 Qc1+
47. Ka2 Rf8 48. h4 Qc5 49. Re5 Qd4 50. Re4 Qd2 51. Rc4 Qd8 52. Re4 Qxh4 53. Qe7
Qxe7 54. Rxe7 h5 55. g5 Rxf5 56. g6 Kg8 57. Re8+ Rf8 58. Re5 Rf6 59. Re8+ Rf8
60. Re5 1/2-1/2

[Event "Championnat de France - Accession"]
[Site "Nimes"]
[Date "2009.08.16"]
[Round "6.28"]
[White "Forgues, Fabien"]
[Black "Ozenne, Corentin"]
[Result "1-0"]
[WhiteElo "2184"]
[BlackElo "1996"]
[PlyCount "100"]

1. e4 c5 2. Nf3 e6 3. d4 cxd4 4. Nxd4 Nf6 5. Nc3 d6 6. Be2 Nc6 7. O-O Be7 8.
Be3 O-O 9. Kh1 a6 10. f4 Qc7 11. Qe1 b5 12. Nxc6 Qxc6 13. e5 Nd7 14. exd6 Qxd6
15. Bf3 Rb8 16. Ba7 Qxf4 17. Nd5 exd5 18. Bxb8 Qxb8 19. Qxe7 Nf6 20. Rfe1 Bf5
21. Qe5 Qc8 22. c3 Re8 23. Qd4 Be4 24. Re3 Qe6 25. Rae1 g5 26. Kg1 h5 27. Rf1
g4 28. Bd1 Kg7 29. Bb3 Qe5 30. Qxe5 Rxe5 31. Rfe1 Kg6 32. R3e2 h4 33. a4 Re6
34. axb5 axb5 35. Rd2 h3 36. gxh3 gxh3 37. Re3 Bg2 38. Bc2+ Kh5 39. Rxe6 fxe6
40. Rd4 Ne8 41. Rb4 Nd6 42. Bd3 e5 43. Bxb5 e4 44. Bf1 Bf3 45. Kf2 Kg5 46. Bxh3
Kf4 47. Bf1 Nf7 48. Be2 Ne5 49. h3 Kf5 50. Bxf3 exf3 1-0

[Event "Championnat de France - Accession"]
[Site "Nimes"]
[Date "2009.08.16"]
[Round "6.29"]
[White "Iwanesko, Alexandre"]
[Black "Ouakhir, Mehdi"]
[Result "0-1"]
[WhiteElo "2101"]
[BlackElo "2237"]
[PlyCount "116"]

1. e4 e5 2. Nf3 Nc6 3. Bb5 d6 4. c3 Bd7 5. O-O Nf6 6. Qe2 Be7 7. Rd1 O-O 8. d4
Qe8 9. d5 Nb8 10. Bxd7 Nfxd7 11. c4 a5 12. Nc3 Na6 13. Rb1 f5 14. exf5 Rxf5 15.
Ne4 Nac5 16. Nxc5 Nxc5 17. Be3 b6 18. Nd2 Qg6 19. Bxc5 bxc5 20. Ne4 Rf4 21. Re1
Raf8 22. Rbd1 Qf5 23. g3 Rxe4 24. Qxe4 Qxf2+ 25. Kh1 Qxb2 26. Re2 Qc3 27. Rc2
Qb4 28. Kg2 Bg5 29. Re2 h6 30. h4 Be7 31. Rf1 Bf6 32. Rb1 Qc3 33. Qc2 Qa3 34.
Qb3 Qb4 35. a3 Qxb3 36. Rxb3 Rc8 37. Rb5 c6 38. dxc6 Rxc6 39. Rxa5 Kf7 40. Kf3
Ke6 41. Ra7 Rb6 42. Rc2 Rb3+ 43. Kg2 e4 44. Ra8 Be5 45. a4 Rxg3+ 46. Kf1 Rh3
47. Rg2 Rc3 48. Re2 Rxc4 49. a5 Ra4 50. a6 Kd5 51. Rd2+ Bd4 52. Ke2 c4 53. h5
c3 54. Rc2 Kc4 55. a7 Rxa7 56. Rb8 Rf7 57. Kd1 Rf1+ 58. Ke2 Rf2+ 0-1

[Event "Championnat de France - Accession"]
[Site "Nimes"]
[Date "2009.08.16"]
[Round "6.30"]
[White "Wunderman, Xavier"]
[Black "Buscara, Sevan"]
[Result "0-1"]
[WhiteElo "2169"]
[BlackElo "2225"]
[PlyCount "42"]

1. e4 d5 2. exd5 Qxd5 3. Nf3 Bg4 4. Be2 Nc6 5. h3 Bh5 6. d4 O-O-O 7. c4 Qd7 8.
g4 Bg6 9. Be3 e6 10. Nc3 Nf6 11. Qa4 Ne4 12. Nxe4 Bxe4 13. O-O-O Kb8 14. d5 Nd4
15. Qxd7 Nxe2+ 16. Kd2 Rxd7 17. Kxe2 exd5 18. cxd5 Rxd5 19. Rhe1 Bb4 20. Nd2
Bd3+ 21. Kf3 Bc2 0-1

[Event "Championnat de France - Accession"]
[Site "Nimes"]
[Date "2009.08.16"]
[Round "6.31"]
[White "Lacroix, Romain"]
[Black "Salus, Stephane"]
[Result "1-0"]
[WhiteElo "2141"]
[BlackElo "2218"]
[PlyCount "79"]

1. e4 e6 2. d4 c5 3. c3 d5 4. exd5 exd5 5. Nf3 Nc6 6. Be3 c4 7. b3 cxb3 8. axb3
Bd6 9. Bd3 Bg4 10. O-O Nge7 11. h3 Bh5 12. c4 Nb4 13. Be2 Bg6 14. c5 Bc7 15.
Qd2 a5 16. Nc3 Nec6 17. Nb5 Bb8 18. Bf4 Bxf4 19. Qxf4 O-O 20. Nd6 Qc7 21. Bb5
Be4 22. Bxc6 Nxc6 23. Rfe1 Bxf3 24. gxf3 Rad8 25. Kh1 Nb4 26. Rg1 f5 27. Qe5
Kh8 28. Rg5 f4 29. Rag1 Rd7 30. Rf5 Qd8 31. Qxf4 Rxf5 32. Qxf5 Qe7 33. Kh2 g6
34. Qf4 Qg7 35. Re1 Re7 36. Rxe7 Qxe7 37. Qe3 Qd7 38. Qe5+ Kg8 39. f4 h6 40.
Qf6 1-0